| 000 | 00610nam a2200217 a 4500 | ||
|---|---|---|---|
| 001 | 566333 | ||
| 005 | 20180227093822.0 | ||
| 008 | 890119s1989 ilua 000 0 eng | ||
| 010 | _a 89060168 | ||
| 020 | _a0896937313 | ||
| 040 |
_aDLC _cDLC _dDLC |
||
| 041 | _aeng | ||
| 080 | _a658.409 RUS | ||
| 082 | 0 | 0 |
_a658.409 RUS _220 |
| 100 | 1 | _a54 | |
| 101 | _aMEN | ||
| 245 | 1 | 0 |
_aManaging to be the best : _cMyron Rush. |
| 906 |
_a7 _bcbc _corignew _d3 _eopcn _f19 _gy-gencatlg |
||
| 942 |
_2ddc _cBK |
||
| 999 |
_c43661 _d43661 |
||